000 00416nam a2200169Ia 4500
001 6100
003 IN-NITTTR
005 20251114233015.0
008 251113s9999||||xx |||||||||||||| ||eng||
040 _beng
040 _cIN-NITTTR
041 _aeng
082 _a516 B227P
100 _aBansi Lal,
245 0 _aPure solid geometry for pre-university and higher secondary students /
_cBansi Lal
942 _2ddc
_cBK
999 _c8738
_d8738